|
|
|
|
| LEADER |
00000cam a22000004a 4500 |
| 001 |
musev2_4233 |
| 003 |
MdBmJHUP |
| 005 |
20230905040523.0 |
| 006 |
m o d |
| 007 |
cr||||||||nn|n |
| 008 |
031211s2004 wvu o 00 0 eng d |
| 010 |
|
|
|z 2003116400
|
| 020 |
|
|
|a 9781935978022
|
| 020 |
|
|
|z 9780937058862
|
| 020 |
|
|
|z 9781938228049
|
| 035 |
|
|
|a (OCoLC)794702221
|
| 040 |
|
|
|a MdBmJHUP
|c MdBmJHUP
|
| 043 |
|
|
|a n-usa--
|
| 050 |
0 |
4 |
|a QH104.5.A6
|b C65 2004
|
| 082 |
0 |
|
|a 508.74
|2 22
|
| 100 |
1 |
|
|a Constantz, George,
|d 1947-
|
| 245 |
1 |
0 |
|a HOLLOWS, PEEPERS, AND HIGHLANDERS :
|b AN APPALACHIAN MOUNTAIN ECOLOGY /
|c by George Constantz.
|
| 250 |
|
|
|a 2nd ed.
|
| 264 |
|
1 |
|a Morgantown :
|b West Virginia University Press,
|c 2004.
|
| 264 |
|
3 |
|a Baltimore, Md. :
|b Project MUSE,
|c 2012
|
| 264 |
|
4 |
|c ©2004.
|
| 300 |
|
|
|a 1 online resource (368 pages):
|b ill. ;
|
| 336 |
|
|
|a text
|b txt
|2 rdacontent
|
| 337 |
|
|
|a computer
|b c
|2 rdamedia
|
| 338 |
|
|
|a online resource
|b cr
|2 rdacarrier
|
| 504 |
|
|
|a Includes bibliographical references (p. 279-342) and index.
|
| 588 |
|
|
|a Description based on print version record.
|
| 650 |
|
0 |
|a Forest ecology
|z Appalachian Region.
|
| 650 |
|
0 |
|a Forest plants
|x Adaptation
|z Appalachian Region.
|
| 650 |
|
0 |
|a Forest animals
|x Adaptation
|z Appalachian Region.
|
| 650 |
|
0 |
|a Natural history
|z Appalachian Region.
|
| 651 |
|
0 |
|a Appalachian Region.
|
| 655 |
|
7 |
|a Electronic books.
|2 local
|
| 710 |
2 |
|
|a Project Muse.
|e distributor
|
| 830 |
|
0 |
|a Book collections on Project MUSE.
|
| 856 |
4 |
0 |
|z Texto completo
|u https://projectmuse.uam.elogim.com/book/4233/
|
| 945 |
|
|
|a Project MUSE - Custom Collection
|
| 945 |
|
|
|a Project MUSE - Archive Complete Foundation
|
| 945 |
|
|
|a Project MUSE - Archive US Regional Studies, South Foundation
|